| 000 | 01229nam a22003977a 4500 | ||
|---|---|---|---|
| 001 | BR2019001947 | ||
| 003 | BR-BrBNA | ||
| 005 | 20230928105452.0 | ||
| 007 | ta | ||
| 008 | 230509b bl.||||| |||| 00| 0 por d | ||
| 040 |
_aBR-BrBNA _bpor _cBiblioteca Nacional de Agricultura |
||
| 041 | _a(Por) | ||
| 072 | _aP36; P01; F01 | ||
| 090 | _ P36 BR2019001947 | ||
| 100 | 1 | _aMoura, E.G. de (ed.) | |
| 110 | 1 |
_aUniversidade Estadual do Maranhão, São Luís (Brasil) _910666 |
|
| 245 | 1 | _aAgroambientes de transição: entre o trópico úmido e o semi-árido do Brasil; atributos; alterações; uso na produção familiar | |
| 250 | 1 | _a1. ed. | |
| 260 | 3 |
_aSão Luís, MA (Brasil): _c2004. |
|
| 300 | _a312 p. | ||
| 500 | _aIncludes several bibliographies; 64 illus.; 24 tables | ||
| 650 | _aBIODIVERSIDADE | ||
| 650 | _aCONDIÇÃO AMBIENTAL | ||
| 650 | _aDEGRADAÇÃO AMBIENTAL | ||
| 650 | _aPROTEÇÃO AMBIENTAL | ||
| 650 | _aPRESERVAÇÃO DA NATUREZA | ||
| 650 | _aRECUPERAÇÃO DO SOLO | ||
| 650 | _aLEGUMINOSA | ||
| 650 | _aMEL | ||
| 650 | _aMANEJO INTEGRADO | ||
| 650 | _aFRUTA | ||
| 650 | _aAGRICULTURA FAMILIAR | ||
| 650 | _aMARANHÃO | ||
| 909 |
_a202309 _bLucia _c55 _dLucia Elande |
||
| 942 | _cBK | ||
| 999 |
_c85277 _d85277 |
||